000 00489nam a2200181Ia 4500
001 10318
005 20260306161823.0
008 260306t2004||||xx |||||||||||||| ||spa||
041 _aESP
082 _a920
_bB64
100 _aBlock de Behar, Lisa [coord.]
_eAUT
245 0 _aHaroldo de Campos, don de poesía:
_bensayos críticos sobre su obra y una entrevista
260 _c2004
300 _a295 páginas :
_c20 cm.
650 _aGEN
654 _aCHU
942 _cLIB
_dJUS
_fJUS
_2ddc
_n
999 _c10318
_d10318